Organisations for land surveying (Record no. 94367)
[ view plain ]
| 000 -LEADER | |
|---|---|
| fixed length control field | 00421cam a2200181 4500 |
| 001 - CONTROL NUMBER | |
| control field | D5642 |
| 008 - FIXED-LENGTH DATA ELEMENTS--GENERAL INFORMATION | |
| fixed length control field | 090401t1968 xxu||||| |||| 00| 0 eng d |
| 035 ## - SYSTEM CONTROL NUMBER | |
| System control number | (Sirsi) u62029 |
| 041 ## - LANGUAGE CODE | |
| Language code of text/sound track or separate title | eng |
| 050 ## - LIBRARY OF CONGRESS CALL NUMBER | |
| Classification number | 526.90601 |
| 100 ## - MAIN ENTRY--PERSONAL NAME | |
| Personal name | Hollwey, John Richard |
| 245 ## - TITLE STATEMENT | |
| Title | Organisations for land surveying |
| 260 ## - PUBLICATION, DISTRIBUTION, ETC. | |
| Place of publication, distribution, etc. | London |
| Name of publisher, distributor, etc. | FIG/RICS |
| Date of publication, distribution, etc. | 1968 |
| 300 ## - PHYSICAL DESCRIPTION | |
| Extent | 19p. 30cm |
| 350 ## - PRICE (NR) (BK AM CF MU VM SE) [OBSOLETE] | |
| Price | 0.25 |
| 942 ## - ADDED ENTRY ELEMENTS (KOHA) | |
| Suppress in OPAC | 0 |
| 948 ## - LOCAL PROCESSING INFORMATION (OCLC); SERIES PART DESIGNATOR (RLIN) | |
| c (OCLC) | 04/03/1997 |
| Withdrawn status | Lost status | Source of classification or shelving scheme | Damaged status | Not for loan | Home library | Current library | Shelving location | Date acquired | Cost, normal purchase price | Total Checkouts | Full call number | Barcode | Date last seen | Copy number | Cost, replacement price | Price effective from | Koha item type |
|---|---|---|---|---|---|---|---|---|---|---|---|---|---|---|---|---|---|
| Dewey Decimal Classification | London | London | Folio | 14/09/1999 | 0.25 | F526.90601 | 30004069 | 22/11/2023 | 1 | 0.25 | 06/08/2019 | Book | |||||
| Dewey Decimal Classification | London | London | Folio | 14/08/1991 | 0.25 | F526.90601 | 30004070 | 22/11/2023 | 2 | 0.25 | 06/08/2019 | Book |